<?xml version="1.0" encoding="UTF-8"?>
<collection xmlns="http://www.loc.gov/MARC21/slim">
<record>
  <controlfield tag="001">163382</controlfield>
  <controlfield tag="005">20251028143406.0</controlfield>
  <datafield tag="024" ind1="8" ind2=" ">
    <subfield code="2">innovaciondocente</subfield>
    <subfield code="a">5400</subfield>
  </datafield>
  <datafield tag="037" ind1=" " ind2=" ">
    <subfield code="a">INNODOC-2024-5400</subfield>
  </datafield>
  <datafield tag="041" ind1=" " ind2=" ">
    <subfield code="a">spa</subfield>
  </datafield>
  <datafield tag="100" ind1=" " ind2=" ">
    <subfield code="0">(orcid)0000-0001-7355-773X</subfield>
    <subfield code="a">León Soriano, Raúl</subfield>
    <subfield code="e">coord.</subfield>
  </datafield>
  <datafield tag="245" ind1=" " ind2=" ">
    <subfield code="a">Diseño y formalización de un proceso integral de seguimiento de egresados e inserción profesional (II)</subfield>
  </datafield>
  <datafield tag="260" ind1=" " ind2=" ">
    <subfield code="a">Zaragoza</subfield>
    <subfield code="b">Universidad de Zaragoza</subfield>
    <subfield code="c">2024</subfield>
  </datafield>
  <datafield tag="520" ind1="3" ind2=" ">
    <subfield code="a">El proyecto surge de las recomendaciones realizadas por la ACPUA en su último informe de renovación de la acreditación del Grado en Administración y Dirección de Empresas, que han sido abordadas en el Plan Anual de Innovación y Mejora 2022/2023. Concretamente, este proyecto obedece a la acción 12385, que da continuidad a una acción de mejora iniciada en 2023, y cuyo objetivo persigue establecer procedimientos formales que permitan mejorar el seguimiento de los egresados y garantizar la adecuación de su perfil profesional, facilitando así su inserción laboral [Objetivos FECEM: 2.1.1, 2.1.2, 3.1.1, 3.3.2, 3.3.3. y 4.1.1; Objetivos FEGP; OC_1, OC_2, OC_3 y OC_5].  El ámbito del proyecto se define a nivel de titulación, con realización coordinada por parte de las tres facultades en las que se imparte el título en la actualidad: Facultad de Empresa y Gestión Pública (Huesca), Facultad de Economía y Empresa (Zaragoza) y Facultad de Ciencias Sociales y Humanas (Teruel).</subfield>
  </datafield>
  <datafield tag="700" ind1=" " ind2=" ">
    <subfield code="0">(orcid)0000-0001-9493-1583</subfield>
    <subfield code="a">Montero Villacampa, Javier</subfield>
  </datafield>
  <datafield tag="700" ind1=" " ind2=" ">
    <subfield code="0">(orcid)0000-0003-0218-9057</subfield>
    <subfield code="a">Abella Garcés, Silvia</subfield>
  </datafield>
  <datafield tag="856" ind1="4" ind2=" ">
    <subfield code="s">69927</subfield>
    <subfield code="u">http://zaguan.unizar.es/record/163382/files/memoria_PIET_2024_5400.pdf</subfield>
    <subfield code="y">Memoria del proyecto</subfield>
  </datafield>
  <datafield tag="970" ind1=" " ind2=" ">
    <subfield code="a">INNODOC-2024-5400</subfield>
  </datafield>
  <datafield tag="980" ind1=" " ind2=" ">
    <subfield code="a">INNODOC</subfield>
    <subfield code="b">PIET</subfield>
    <subfield code="c">PIET_2</subfield>
  </datafield>
</record>
</collection>